MARC

Tag First Indicator Second Indicator Subfields
LEADER 00000cam a2200000 a 4500
001 in00001664027
005 20230616201311.3
008 020301s2002 waua b 101 0 eng d
020 |a 0819444138 
035 |a (OCoLC)ocm49220148 
040 |a LHL  |c LHL  |d CUS  |d TXA  |d UtOrBLW 
049 |a TXAM 
090 |a QA76.575  |b .M85 2002 
245 0 0 |a Multimedia computing and networking 2002 :  |b 23-24 January 2002, San Jose, USA /  |c Martin G. Kienzle, Prashant J. Shenoy, chairs/editors ; sponsored by IS&T--the Society for Imaging Science and Technology [and] SPIE--the International Society for Optical Engineering ; cooperating organization, ACM SIGMulitmedia. 
264 1 |a Bellingham, Washington :  |b SPIE,  |c [2002] 
264 4 |c ©2002 
300 |a vii, 248 pages :  |b illustrations ;  |c 28 cm. 
336 |a text  |b txt  |2 rdacontent 
337 |a unmediated  |b n  |2 rdamedia 
338 |a volume  |b nc  |2 rdacarrier 
490 1 |a Proceedings / SPIE--the international society for optical engineering ;  |v v. 4673 
504 |a Includes bibliographical references and index. 
650 0 |a Multimedia systems  |v Congresses. 
650 0 |a Computer networks  |v Congresses. 
700 1 |a Kienzle, Martin G.,  |d 1950- 
700 1 |a Shenoy, Prashant J. 
710 2 |a IS & T--the Society for Imaging Science and Technology. 
710 2 |a Society of Photo-optical Instrumentation Engineers. 
710 2 |a ACM Special Interest Group on Multimedia. 
830 0 |a Proceedings of SPIE--the International Society for Optical Engineering ;  |v v. 4673. 
856 4 1 |u https://www.spiedigitallibrary.org/conference-proceedings-of-SPIE/4673.toc  |t 0 
948 |a cataloged  |b h  |c 2002/3/6  |d c  |e dmitchel  |f 10:00:00 am 
994 |a E0  |b TXA 
999 |a MARS 
999 f f |s 4d4dafa7-afb9-36fe-b9c7-ccdd37d3a8a7  |i 4435bc00-5f15-3b5a-9e94-9c5e6269fb78  |t 0 
952 f f |p ric  |a Texas A&M University  |b Rellis Campus  |c Joint Library Facility  |d Remote Storage  |t 0  |e QA76.575 .M85 2002  |h Library of Congress classification  |i unmediated -- volume  |m A14828690169 
998 f f |a QA76.575 .M85 2002  |t 0  |l Remote Storage